Countries with 50% or more Forest - Statistics

General Stats
  • This quiz has been taken 369 times
  • The average score is 24 of 43
Answer Stats
*% Forest Country % Correct
56.10 Brazil
95%
53.32 Colombia
89%
50.00 Democratic Republic of the Congo
85%
53.49 Peru
82%
51.68 Venezuela
82%
90.20 Suriname
80%
70.25 Guyana
79%
65.70 Republic of the Congo
78%
53.47 Bolivia
76%
72.00 Finland
75%
68.95 Sweden
75%
71.60 Laos
69%
56.93 Panama
68%
63.60 Papua New Guinea
66%
59.50 Malaysia
65%
85.00 Gabon
63%
51.56 Cambodia
61%
61.00 Estonia
58%
67.00 Japan
58%
63.64 Myanmar
58%
71.98 Belize
57%
60.00 Latvia
55%
60.00 Honduras
53%
54.72 Fiji
50%
63.20 South Korea
50%
78-80.00 Solomon Islands
48%
58.18 Equatorial Guinea
47%
50.00 Zambia
46%
53.65 East Timor
45%
73.00 North Korea
44%
87.15 Palau
44%
60.00 Taiwan
43%
89.12 Tuvalu
42%
89.74 Micronesia
41%
66.35 Zimbabwe
40%
65.00 Dominica
39%
78.00 Mozambique
39%
89.45 Seychelles
34%
60.00 Slovenia
33%
54.93 Benin
31%
57.36 Guinea-Bissau
31%
51.45 Bahamas
29%
53.00 Bosnia and Herzegovina
25%
No matching quizzes found
Score Distribution
Percent of People with Each Score
Percentile by Number Answered
Your Score History
You have not taken this quiz